000
00303 a2200133 4500
005
20250610092825.0
020
_a
978-81-261-4377-1
082
_a
338.4 TAN
100
_a
TANDON, A.
245
_a
Entrepreneurship
260
_a
New Delhi
_b
ANMOL
_c
2010
300
_a
296P.
_b
Index
_c
21cm.
942
_2
ddc
_c
BKS
999
_c
3400
_d
3400